00253nam a2200109Ia 4500008004100000020001800041100001400059245002700073250001100100260001900111650001300130240827s9999 xx 000 0 und d a9789383746842 aC.B.Gupta 0aInternational Business aLatest bS.Chand c2022 aCommerce